00301cam a22000977a 4500008004000000082001900040100001800059245006700077260005000144300000900194180718b1956 xxu||||| |||| 00| 0 eng d aQ503x42 Un3r 5 aBrooke, Henry aFifth interim report by the government actuaycby Henry Brooke aLondonbHer Majesty's Stationery Officec1956 a41p.